| 000 | 00525nam a2200145 i 4500 | ||
|---|---|---|---|
| 001 | 183615 | ||
| 003 | ES-MaACL | ||
| 005 | 20230906221930.0 | ||
| 008 | 140904s1900 be |||| | fre d | ||
| 110 | 2 |
_aUniversité de Liège. _9155382 |
|
| 245 | 1 | 0 |
_aExtraits des dispositions législatives et réglementaires sur l'enseignement supérieur et la collation des grades académiques / _cUniversité de Liège. |
| 260 |
_aLiège : _b[s.n.], _c1900. |
||
| 650 | 4 |
_aEnseñanza- _zBélgica. _9151757 |
|
| 852 |
_aES-MaACL _jT-1060-F-6 |
||
| 999 |
_c183615 _d183615 |
||